LEADER 01074nam0-2200313---450- 001 990009200370403321 005 20100617161402.0 035 $a000920037 035 $aFED01000920037 035 $a(Aleph)000920037FED01 035 $a000920037 100 $a20100617e1933----km-y0itay50------ba 101 0 $alat 102 $aDE 105 $ay-------001yy 200 1 $aS. Aurelii Augustini Ad consentium epistula$epraemissa est consentii ad s. Augustinum epistula (In corpore Augustiniano epistulae 120 et 119)$fAurelii Augustini$gfrec. Michael Schmaus 210 $aBonnae$csumptibus Petri Hanstein$d1933 215 $a32 p.$d24 cm 225 1 $aFlorilegium patristicum tam veteris quam medii aevi auctores complectens. - Bonnae$v33 676 $a230 700 1$aAugustinus,$bAurelius$f<354-430>$0152280 702 1$aSchmaus,$bMichael 801 0$aIT$bUNINA$gRICA$2UNIMARC 901 $aBK 912 $a990009200370403321 952 $a230 AUG 12$bs.i.$fFLFBC 959 $aFLFBC 996 $aS. Aurelii Augustini Ad consentium epistula$9774975 997 $aUNINA LEADER 01184nam 2200445 450 001 9910136644403321 005 20231110233115.0 010 $a0-85766-613-4 035 $a(CKB)3710000000892326 035 $a(MiAaPQ)EBC6059260 035 $a(Au-PeEL)EBL6059260 035 $a(OCoLC)960165598 035 $a(EXLCZ)993710000000892326 100 $a20161122h20162016 uy 1 101 0 $aeng 135 $aurcnu|||||||| 181 $2rdacontent 182 $2rdamedia 183 $2rdacarrier 200 10$aDominion $ea burned man novel /$fPeter McLean 210 1$aNottingham, England :$cAngry Robot,$d2016. 210 4$dİ2016 215 $a1 online resource (210 pages) 225 1 $aThe Burned Man ;$vv.2 311 $a0-85766-612-6 410 4$aThe Burned Man 606 $aGood and evil$vFiction 606 $aMagicians$vFiction 607 $aLondon (England)$vFiction 615 0$aGood and evil 615 0$aMagicians 676 $a813.54 700 $aMcLean$b Peter$01376125 801 0$bMiAaPQ 801 1$bMiAaPQ 801 2$bMiAaPQ 906 $aBOOK 912 $a9910136644403321 996 $aDominion$93411432 997 $aUNINA